| 000 | 00579nam a2200241Ia 4500 | ||
|---|---|---|---|
| 003 | OSt | ||
| 005 | 20220918193014.0 | ||
| 006 | a|||||r|||| 00| 0 | ||
| 007 | ta | ||
| 008 | 220917b |||||||| |||| 00| 0 eng d | ||
| 024 | _a71,482 | ||
| 037 | _cTextual | ||
| 040 |
_aARTS _cARTS _beng |
||
| 041 |
_2eng _aeng |
||
| 082 | _aR4, J73 (Y17D) | ||
| 100 |
_aMackenzie John S _980839 |
||
| 245 | 0 | _aManual of ethics | |
| 250 | _a6th | ||
| 260 | _c1953 | ||
| 650 | _aETHICS | ||
| 942 |
_hR4, J73 (Y17D) _cTEXL _2CC |
||
| 999 |
_c197555 _d197555 |
||